000 00883nam a22001935i 4500
001 171312
003 ES-MaACL
005 20250616063045.0
008 090508s1867 sp |||| | spa d
100 0 _aFrontaura, Carlos,
_d1834-1910
_952739
245 1 1 _a¿Eran dos?... ¡Pues ya son tres!
_b: zarzuela en tres actos y en verso /
_cletra de Carlos Frontaura ; música del maestro Ricci.
260 _aMadrid :
_b[Alonso Gullon],
_c1867 (
_fImp. de José Rodríguez)
300 _a70 p. ;
_c18 cm.
500 _aEn port.: Estrenada en el teatro del Circo de esta corte en abril de 1867.
500 _aSolo la letra.
700 1 _aRicci, Luigi.
_9140768
852 _aES-MaACL
_jF-8600(6)
_z.- Enc. pasta española
_q- Falto de la cub. original
_z- Enc. en un vol. facticio formando parte de la col. facticia "Teatro español moderno", vol. 53
999 _c171312
_d171312